[Event "23rd OIBM 2019"]
[Site "Gmund am Tegernsee"]
[Date "2019.10.27"]
[Round "2.44"]
[White "Mooser, Nicolas"]
[Black "Braeuer, Franz"]
[Result "1/2-1/2"]
[WhiteElo "1999"]
[BlackElo "2429"]
[Annotator "NA"]
[PlyCount "55"]
[EventDate "2019.10.17"]
[EventType "swiss"]
[EventCountry "GER"]
[SourceTitle "playchess.com"]
[Source "ChessBase"]
[SourceQuality "1"]
[TimeControl "40/5400+30:1800+30"]

1. d4 {[%emt 0:00:00]} Nf6 {[%emt 0:02:04]} 2. c4 {[%emt 0:00:00]} e6 {[%emt 0:00:01]} 3. g3 {[%emt 0:00:00]} d5 {[%emt 0:00:03]} 4. Bg2 {[%emt 0:00:00]} Bb4+ {[%emt 0:00:05]} 5. Bd2 {[%emt 0:00:15]} Be7 {[%emt 0:00:05]} 6. Nf3 {[%emt 0:00:11]} c6 {[%emt 0:00:04]} 7. O-O {[%emt 0:00:13]} b6 {[%emt 0:00:53]} 8. Qc2 {[%emt 0:02:07]} Nbd7 {[%emt 0:04:32]} 9. Rd1 {[%emt 0:03:21]} O-O {[%emt 0:01:52]} 10. b3 {[%emt 0:03:12]} a5 {[%emt 0:01:02]} 11. Bf4 {[%emt 0:19:50]} Ba6 {[%emt 0:03:43]} 12. Nc3 {[%emt 0:06:33]} Rc8 {[%emt 0:13:38]} 13. Qb2 {[%emt 0:06:19]} dxc4 {[%emt 0:04:30]} 14. bxc4 {[%emt 0:00:11]} Bxc4 {[%emt 0:00:33]} 15. Ne5 {[%emt 0:01:27]} Nxe5 {[%emt 0:00:40]} 16. dxe5 {[%emt 0:03:14]} Nd7 {[%emt 0:02:52]} 17. Rd4 {[%emt 0:01:56]} Bd5 {[%emt 0:21:11]} 18. Rad1 {[%emt 0:12:58]} Bc5 {[%emt 0:00:12]} 19. R4d2 {[%emt 0:07:43]} g5 {[%emt 0:03:39]} 20. Be3 {[%emt 0:02:42]} Bxe3 {[%emt 0:06:03]} 21. fxe3 {[%emt 0:00:07]} Qc7 {[%emt 0:00:48]} 22. e4 Nxe5 {[%emt 0:00:58]} 23. exd5 {[%emt 0:04:13]} cxd5 {[%emt 0:00:11]} 24. Nb5 {[%emt 0:02:53]} Qc5+ {[%emt 0:01:04]} 25. Kh1 {[%emt 0:00:23]} Nc4 {[%emt 0:12:49]} 26. Qf6 {[%emt 0:00:33]} Nxd2 {[%emt 0:07:34]} 27. Qxg5+ {[%emt 0:00:21]} Kh8 {[%emt 0:00:04]} 28. Qf6+ {[%emt 0:00:17]} 1/2-1/2

[Event "23rd OIBM 2019"]
[Site "Gmund am Tegernsee"]
[Date "2019.10.28"]
[Round "3.1"]
[White "Eljanov, Pavel"]
[Black "Del Rio De Angelis, Salvador G."]
[Result "1/2-1/2"]
[WhiteElo "2663"]
[BlackElo "2491"]
[Annotator "TA"]
[PlyCount "232"]
[EventDate "2019.10.17"]
[EventType "swiss"]
[EventCountry "GER"]
[SourceTitle "playchess.com"]
[Source "ChessBase"]
[SourceQuality "1"]

{[%evp 13,232,27,31,33,37,13,44,33,58,35,43,58,53,0,0,0,0,0,1,0,0,0,0,-19,0,-39,84,83,83,83,82,75,86,77,78,82,87,27,47,21,29,10,10,6,7,17,139,127,133,137,146,164,188,187,168,165,183,135,180,193,181,178,174,125,137,129,177,138,164,158,158,160,164,166,149,165,166,166,166,128,118,88,98,87,92,67,76,70,81,13,15,-81,0,0,31,17,18,15,9,6,15,0,0,0,0,0,0,-8,0,-1220,16,0,11,0,0,0,0,0,0,0,0,0,0,0,0,0,0,0,0,0,0,0,0,0,0,0,5,0,0,0,0,0,34,0,0,0,0,0,0,0,0,0,0,0,55,55,55,55,55,55,55,0,54,54,54,54,55,55,55,55,55,55,55,55,55,55,56,0,0,0,0,0,0,0,0,0,0,0,0,0,0,0,0,0,0,0,0,0,0,0,0,0,0,0,0,0,0,0,0,0,0,0,0,0,0,0,0,0,0,0,8]} 1. c4 e6 2. Nc3 d5 3. d4 Be7 4. cxd5 exd5 5. Bf4 Nf6 6. e3 c6 7. Bd3 Nbd7 {[%cal Bb8d7,Bd7f8,Bf8g6,Bg6h4,Bh4f3][%mdl 32]} 8. h3 {D35: Queen's Gambit Declined: Exchange Variation} Nf8 9. Qc2 (9. Nf3 Ng6 10. Bh2 Bd6 11. Bxd6 Qxd6 12. O-O O-O 13. Rb1 Re8 14. b4 a6 15. a4 Ne4 16. Bxe4 dxe4 17. Nd2 f5 18. b5 axb5 19. axb5 Be6 20. bxc6 bxc6 {½-½ (63) Nakamura,H (2791)-Vachier Lagrave,M (2819) chess.com INT 2016}) 9... Ng6 10. Bh2 {White is slightly better.} Bd6 11. g4 $146 ({Predecessor:} 11. Bxd6 Qxd6 12. O-O-O O-O 13. g4 Re8 {1-0 (38) Topalov,V (2690)-Lputian,S (2625) Batumi 1999}) 11... O-O 12. O-O-O Re8 13. Nge2 ({White should try} 13. Bxd6 $14 Qxd6 14. Nf3) 13... Bxh2 $11 14. Rxh2 Nh4 15. Rhh1 Qe7 16. Kb1 Bd7 17. Ng3 h6 18. Rhg1 Nf3 19. Rgf1 (19. Rh1 {is interesting.} Nh4) 19... c5 (19... b5 $15) 20. dxc5 $1 $16 Qxc5 {[#]} 21. Nxd5 $1 {[%mdl 512]} Qxc2+ ({Wrong is} 21... Qxd5 $2 22. Bh7+ $1 {[%mdl 512]} Nxh7 23. Rxd5 $18) 22. Bxc2 {Hoping for Nxf6+.} Nxd5 23. Rxd5 Bc6 24. Rd6 Ne5 25. e4 ({White should play} 25. Rc1 $16) 25... Nf3 $11 26. Rfd1 (26. Rd3 $5 {[%cal Rd3f3]} Ng5 27. Re3 $14) 26... Kf8 27. a4 Rac8 28. a5 g6 29. Rf6 Ne5 (29... Ng5 $11) 30. f4 $36 {[%mdl 2048] Black is under strong pressure.} Nc4 31. Rd4 Kg7 32. e5 Nxe5 33. fxe5 Rxe5 34. Rf2 Rxa5 35. Ne4 Rc7 36. Nd6 Re7 37. Bb3 f6 38. Rd1 Rae5 39. h4 Re3 40. Bc2 Bf3 41. Rd4 {Threatens to win with h5!} h5 42. gxh5 Bxh5 43. Rg2 {And now Nf5+ would win.} Kh6 44. Rd5 Re1+ 45. Ka2 Rc7 46. Rd4 Re2 47. Rxe2 Bxe2 48. Bb3 f5 49. Ne8 Rc6 50. Bd5 Rb6 51. Bg2 (51. Bf7 $16) 51... Kh5 $11 52. Ng7+ Kh6 {[%mdl 1024] Black has strong compensation.} 53. Ne8 Kh5 54. Nc7 Bg4 $1 55. Nd5 Ra6+ 56. Kb1 Kxh4 57. Bf3 Re6 58. Kc2 (58. Nf4 {looks sharper.} Re8 59. Bxb7 g5 60. Nd5 Rf8 61. Nc3) 58... g5 59. Bxg4 fxg4 {[%mdl 4096] Endgame KRN-KR} 60. Nc3 Kh3 {Strongly threatening ...g3.} 61. Ne4 $2 {[%mdl 8192] [#]} (61. Rd5 $11) 61... Rc6+ $2 (61... Rxe4 $1 $19 62. Rxe4 g3) 62. Kd2 Rb6 63. Rd3+ Kh4 64. b3 Rb4 65. Ng3 a5 66. Nf5+ Kh5 67. Rd6 {[%csl Gf5][%cal Rd6h6]} g3 $1 {[%cal Rg3g2]} 68. Nxg3+ Kg4 69. Rd3 a4 70. bxa4 Rxa4 71. Ne2 b5 72. Nc3 Rb4 73. Rd5 Rb2+ 74. Kc1 Rf2 75. Rxb5 Kf4 76. Kd1 Rh2 77. Ne2+ Ke4 78. Rxg5 Kd3 79. Rg3+ Kc4 80. Kd2 Rh4 81. Rc3+ Kd5 $1 82. Ra3 Kc5 83. Rd3 Kc4 (83... Re4 $11) 84. Rd8 $1 $14 Rh3 85. Nf4 Rg3 86. Ke2 Kc5 87. Nd5 ({Better is} 87. Kf2 $14 Ra3 88. Nd3+ Kc6 89. Ke3) 87... Ra3 (87... Kd4 $11) 88. Ne3 Kc6 89. Kf3 Ra4 90. Nf5 Kc5 91. Ke3 Ra1 92. Ke4 Re1+ 93. Ne3 Re2 94. Rd5+ Kc6 95. Rh5 (95. Rd1 $14) 95... Kd6 $11 {The position is equal.} 96. Kd3 Ra2 97. Nc4+ Ke6 98. Ke4 Re2+ 99. Kd4 Ra2 100. Rh6+ Kf5 101. Ne3+ Kg5 102. Rb6 Ra4+ 103. Ke5 Ra5+ 104. Nd5 Kg4 105. Rf6 Rc5 106. Rf4+ Kg5 107. Rf1 Kg4 108. Kd4 Ra5 109. Ke5 Rc5 110. Kd4 Ra5 111. Ne3+ Kg5 112. Rf3 Ra4+ 113. Ke5 Ra5+ 114. Nd5 Kg4 115. Rc3 Rb5 116. Ke4 Ra5 {Accuracy: White = 55%, Black = 72%.} 1/2-1/2

[Event "23rd OIBM 2019"]
[Site "Gmund am Tegernsee"]
[Date "2019.10.28"]
[Round "3.2"]
[White "Sethuraman, S.P."]
[Black "Loiseau, Quentin"]
[Result "1-0"]
[WhiteElo "2624"]
[BlackElo "2471"]
[Annotator "TA"]
[PlyCount "67"]
[EventDate "2019.10.17"]
[EventType "swiss"]
[EventCountry "GER"]
[SourceTitle "playchess.com"]
[Source "ChessBase"]
[SourceQuality "1"]

{[%evp 10,67,-2,8,37,38,42,33,43,12,28,11,25,0,57,31,50,42,97,63,97,56,74,0,0,0,0,0,0,0,0,0,0,0,0,0,0,0,0,0,77,90,108,102,95,66,148,162,157,141,209,207,200,181,414,414,412,411,368,364]} 1. e4 c5 2. Nf3 Nc6 3. Bb5 e6 4. Bxc6 bxc6 5. d3 Ne7 6. h4 f6 {B30: Sicilian: 2...Nc6 3 Bb5, lines without ...g6} 7. h5 e5 8. Nc3 d5 {White is slightly better.} 9. Nh2 $146 ({Predecessor:} 9. b3 Be6 10. Qe2 Qa5 11. Bd2 Qc7 12. Nh4 c4 13. dxc4 dxc4 14. O-O {0-1 (41) Cheparinov,I (2679)-Zeng,C (2539) China 2019}) 9... Be6 10. f4 exf4 11. Bxf4 g5 ({Black should play} 11... d4 $1 $11 12. Ne2 g5 13. hxg6 hxg6) 12. Bd2 $14 d4 13. Na4 Nc8 (13... Ng8 $1 $14) 14. O-O $16 Be7 15. Ng4 {Nxc5! is the strong threat.} Nb6 16. Nxc5 (16. e5 $16 {[%cal Rg4f6]} Nxa4 17. exf6) 16... Bxg4 $1 $11 17. Qxg4 Bxc5 18. Qe6+ {[%mdl 64] Double Attack} Be7 19. Rxf6 $1 {Threatens to win with Qf7+.} ({Much weaker is} 19. Qxc6+ Qd7 $17) 19... Qd7 20. Bxg5 {Hoping for Qf7+.} O-O-O {aiming for ...Qxe6.} 21. Qxc6+ Qxc6 22. Rxc6+ Kd7 23. Bxe7 Kxe7 24. Rf1 Rc8 (24... Nd7 $1 $11) 25. Rff6 $16 Rhg8 26. Rxc8 Rxc8 {[%mdl 4096] Endgame KRN-KR} 27. Rh6 Nd7 (27... Rh8 $14) 28. Rxh7+ Ke6 29. h6 $1 Rxc2 (29... Ne5 $16) 30. Rh8 $18 Rc1+ {[#]} 31. Kh2 $1 Rc5 $2 {[#]} (31... Nf6 {was necessary.} 32. h7 Nxh7) 32. g4 $1 {White is winning.} Nf6 33. h7 Rc2+ 34. Kg3 {Accuracy: White = 78%, Black = 42%.} 1-0

[Event "23rd OIBM 2019"]
[Site "Gmund am Tegernsee"]
[Date "2019.10.28"]
[Round "3.3"]
[White "Yankelevich, Lev"]
[Black "Gareyev, Timur"]
[Result "1/2-1/2"]
[WhiteElo "2480"]
[BlackElo "2591"]
[Annotator "TA"]
[PlyCount "31"]
[EventDate "2019.10.17"]
[EventType "swiss"]
[EventCountry "GER"]
[SourceTitle "playchess.com"]
[Source "ChessBase"]
[SourceQuality "1"]

{[%evp 9,31,45,35,54,54,43,43,51,52,44,43,57,72,24,19,14,17,0,85,83,83,94,89,82]} 1. d4 Nf6 2. c4 e6 3. Nf3 Bb4+ 4. Nbd2 d5 5. Qa4+ Nc6 6. e3 {E11: Bogo-Indian} dxc4 (6... O-O 7. a3 Bxd2+ 8. Bxd2 Ne4 9. Qc2 Nxd2 10. Qxd2 b6 11. Qc2 Ba6 12. b4 Bxc4 13. Bxc4 dxc4 14. Qxc4 Ne7 15. O-O a5 16. Rfc1 axb4 17. axb4 {½-½ (44) Gelfand,B (2701)-Paehtz,E (2513) Douglas 2018}) 7. a3 Bxd2+ 8. Bxd2 {White is slightly better.} Ne4 $146 ({Predecessor:} 8... O-O 9. Bxc4 Ne4 10. Rd1 Ne7 11. Qc2 f5 12. O-O b6 13. Ne5 Rf6 14. Be1 Nd6 {½-½ (41) Gagare,S (2001)-Tsoi,D (2361) Moscow 2018}) 9. Bxc4 Nxd2 10. Nxd2 O-O 11. f4 Ne7 12. Nf3 Nf5 13. Qb3 c5 (13... b6 $11 {keeps the balance.}) 14. dxc5 $16 {White is better.} Qa5+ 15. Kf2 Qxc5 16. Rac1 {Accuracy: White = 78%, Black = 84%.} 1/2-1/2

[Event "23rd OIBM 2019"]
[Site "Gmund am Tegernsee"]
[Date "2019.10.28"]
[Round "3.4"]
[White "Azarov, Sergei"]
[Black "Parvanyan, Ashot"]
[Result "1/2-1/2"]
[WhiteElo "2586"]
[BlackElo "2448"]
[Annotator "TA"]
[PlyCount "126"]
[EventDate "2019.10.17"]
[EventType "swiss"]
[EventCountry "GER"]
[SourceTitle "playchess.com"]
[Source "ChessBase"]
[SourceQuality "1"]

{[%evp 23,126,38,35,0,14,12,20,31,27,0,0,0,0,0,0,0,43,50,40,28,43,31,19,31,16,21,34,32,23,33,39,10,41,44,52,48,45,47,84,39,45,29,29,33,42,0,102,93,89,82,51,57,91,100,89,100,145,139,132,73,117,106,109,22,25,24,20,20,99,109,108,97,93,79,97,0,0,0,0,0,42,0,0,0,0,0,0,0,0,0,0,0,0,0,0,0,0,0,0,0,0,0,0,0,12850]} 1. e4 e6 2. d4 d5 3. Nd2 Nf6 4. e5 Nfd7 5. Bd3 c5 6. c3 Nc6 7. Ne2 cxd4 8. cxd4 f6 9. exf6 Nxf6 10. O-O Bd6 11. Nf3 Qc7 12. Nc3 a6 13. Be3 {C06: French Tarrasch: 3...Nf6 4 e5 Nfd7 5 Bd3 main lines} (13. Re1 O-O 14. h3 Bd7 15. Bd2 Rae8 16. Rc1 Qb8 17. Na4 e5 18. dxe5 Nxe5 19. Nxe5 Bxe5 20. Be3 Bh2+ 21. Kh1 Bf4 22. Nc5 Bxe3 23. Rxe3 Rxe3 24. fxe3 {½-½ (39) Neiksans,A (2553)-Berg,E (2536) Sweden 2019}) 13... O-O 14. Rc1 Bd7 15. Na4 Be8 16. Ne5 (16. Ng5 $5 {[%cal Rg5e6]} Qe7 17. Nc5 Bxc5 18. Rxc5 $11) 16... Bxe5 17. dxe5 Qxe5 18. Re1 Rf7 $146 ({Predecessor:} 18... Qc7 19. Nc5 Bf7 20. Bg5 Nd7 21. Nxe6 Bxe6 22. Rxe6 Nde5 23. Re7 Qb8 24. Re6 Qc7 25. Re7 {½-½ (25) Lovakovic,F (2385)-Roy Laguens,A (2318) ICCF email 2015}) 19. h3 (19. a3 {is interesting.} Nd7 20. Bb1 Rf6 21. Qb3 Na5 22. Qd1) 19... Qh5 (19... Nd7 {is more complex.} 20. Bb1 Qf6 21. Qd2 Qh4 22. b3 h6) 20. Qxh5 Nxh5 21. Nb6 Rb8 22. Bf1 Nf6 23. Bf4 {[%mdl 64] Discovered Attack} e5 24. Bxe5 Nxe5 25. Rxe5 Rd8 26. a4 {[%cal Ba2a4,Ba4a5][%mdl 32]} Kf8 27. b4 Rd6 28. a5 Rd8 29. f3 $36 {[%mdl 2048] White has good play.} d4 30. Bd3 g6 $1 31. Kf2 Nh5 $1 32. g3 Bc6 33. f4 Nf6 $1 34. Ke2 Re7 (34... Bg2 $11 {remains equal.}) 35. Kd2 $16 Rde8 36. Rcc5 Bg2 37. h4 $1 Ng4 38. Rxe7 Rxe7 39. Nc4 Nf2 40. Ne5 Be4 41. Rc8+ Kg7 {[#] Threatening ...Rxe5!} 42. Bc4 $1 Bf5 43. Rb8 ({Better is} 43. Rd8 $16) 43... Rc7 $1 $11 44. Ke2 Ng4 $1 {[%cal Rg4e5]} 45. Nxg4 Bxg4+ {[%mdl 4096] Endgame KRB-KRB} (45... Rxc4 $11 46. Rxb7+ Kf8) 46. Kd3 $16 Rd7 47. Re8 Bf5+ {[#]} 48. Kd2 $1 d3 49. Be6 (49. Bb3 $16) 49... Bxe6 $1 $11 50. Rxe6 {KR-KR} Kf7 51. Rb6 Kg7 52. g4 Kf7 {The position is equal.} 53. g5 Kg7 54. Re6 Kf7 55. Re4 Rd5 56. Rc4 {And now Rc7+ would win.} Ke6 57. Rc7 Rb5 58. Rxh7 {Hoping for Rh6.} Rxb4 59. h5 (59. Rg7 {looks sharper.} Kf5 60. Rf7+ Ke4 61. f5 Rb2+ 62. Kc1) 59... gxh5 60. Rxh5 Rxf4 61. Kxd3 Kf5 62. Rh7 Rb4 63. Kc3 Ke5 $2 {[%mdl 40960] Accuracy: White = 64%, Black = 68%. . An unexpected result.} (63... Rb1 $11) 1/2-1/2

[Event "23rd OIBM 2019"]
[Site "Gmund am Tegernsee"]
[Date "2019.10.28"]
[Round "3.5"]
[White "Peralta, Fernando"]
[Black "Womacka, Mathias"]
[Result "1-0"]
[WhiteElo "2569"]
[BlackElo "2436"]
[Annotator "TA"]
[PlyCount "67"]
[EventDate "2019.10.17"]
[EventType "swiss"]
[EventCountry "GER"]
[SourceTitle "playchess.com"]
[Source "ChessBase"]
[SourceQuality "1"]

{[%evp 13,67,27,16,28,18,28,35,19,0,0,-7,0,51,48,47,47,47,47,47,47,44,50,82,78,80,63,207,196,200,203,208,202,202,200,201,201,196,195,222,236,215,214,202,138,151,128,139,116,137,128,209,209,531,520,29993,29994]} 1. d4 Nf6 2. c4 e6 3. Nf3 Bb4+ 4. Nbd2 O-O 5. a3 Be7 6. e4 d5 7. e5 Nfd7 8. Bd3 {E11: Bogo-Indian} c5 9. h4 g6 10. O-O {White is slightly better.} Nc6 11. Nb3 dxc4 12. Bxc4 Nb6 $146 (12... cxd4 $11 13. Qe2 Qc7) ({Predecessor:} 12... cxd4 13. Re1 a5 14. Bh6 Re8 15. Rc1 Nb6 {1-0 (39) Ding,L (2804)-Saric,I (2689) Batumi 2018}) 13. Bb5 $14 c4 14. Bxc6 bxc6 15. Nc5 Bxc5 16. dxc5 Qxd1 17. Rxd1 Na4 18. Bh6 $1 $36 {[%cal Rh6f8][%mdl 2048] Black is under strong pressure.} Re8 19. Nd2 Nxb2 ({Black should play} 19... Nxc5 $14 20. Nxc4 Nb3) 20. Ne4 $1 $18 {[%cal Re4f6]} Nxd1 21. Nf6+ Kh8 22. Rxd1 Ba6 {Threatens to win with ...Reb8.} 23. Rd7 $1 {[%cal Rd7f7]} ({But not} 23. Nxe8 $6 Rxe8 24. Rd7 c3 $14) 23... Rf8 24. Bxf8 Rxf8 {[%mdl 4096] Endgame KRB-KRN} 25. Ne4 Kg7 26. Rxa7 c3 27. Nxc3 Bd3 28. Rd7 Bf5 29. Rc7 Rb8 30. f3 Rb3 31. Ne2 $1 {[%cal Re2d4] Nd4 is the strong threat.} Rxa3 {[#]} (31... Re3 $16) 32. Nd4 $1 ({Don't do} 32. Rxc6 $6 Re3 $16) 32... Rc3 $2 {[#]} (32... Rd3) 33. g4 $1 Bd3 (33... Rxc5 $18 34. gxf5 Rxe5 35. Nxe6+ Kf6) 34. Nxe6+ $1 {Accuracy: White = 91%, Black = 49%.} 1-0

[Event "23rd OIBM 2019"]
[Site "Gmund am Tegernsee"]
[Date "2019.10.28"]
[Round "3.6"]
[White "Gschnitzer, Adrian"]
[Black "Idani, Pouya"]
[Result "0-1"]
[WhiteElo "2412"]
[BlackElo "2568"]
[Annotator "RC"]
[PlyCount "36"]
[EventDate "2019.10.17"]
[EventType "swiss"]
[EventCountry "GER"]
[SourceTitle "playchess.com"]
[Source "ChessBase"]
[SourceQuality "1"]
[TimeControl "40/5400+30:1800+30"]

1. c4 {[%emt 0:00:00]} g6 {[%emt 0:03:30]} 2. e4 {[%emt 0:00:23]} e5 {[%emt 0:00:38]} 3. Nf3 {[%emt 0:02:16]} Bg7 {[%emt 0:02:40]} 4. d4 {[%emt 0:01:35]} exd4 {[%emt 0:00:39]} 5. Nxd4 {[%emt 0:00:10]} Nc6 {[%emt 0:00:42]} 6. Nxc6 {[%emt 0:03:32]} dxc6 {[%emt 0:02:15]} 7. Qxd8+ {[%emt 0:01:18]} Kxd8 {[%emt 0:00:04]} 8. Nc3 {[%emt 0:00:40]} Be6 {[%emt 0:02:10]} 9. Bg5+ {[%emt 0:01:13]} Kc8 {[%emt 0:00:40]} 10. O-O-O {[%emt 0:00:56]} Nf6 {[%emt 0:00:08]} 11. f3 {[%emt 0:03:53]} Nd7 {[%emt 0:03:01]} 12. Kc2 {[%emt 0:08:53]} a6 {[%emt 0:05:21]} 13. Nd5 {[%emt 0:17:11]} f6 {[%emt 0:01:22]} 14. Nf4 {[%emt 0:02:31]} Bf7 {[%emt 0:00:15]} 15. Bh4 {[%emt 0:04:02]} g5 {[%emt 0:00:58]} 16. g3 {[%emt 0:00:11]} Ne5 {[%emt 0:03:54]} 17. Bh3+ {[%emt 0:00:46]} Kb8 {[%emt 0:00:14]} 18. Be6 {[%emt 0:01:42]} Rf8 {[%emt 0:07:49]} 0-1

[Event "23rd OIBM 2019"]
[Site "Gmund am Tegernsee"]
[Date "2019.10.28"]
[Round "3.7"]
[White "Bernadskiy, Vitaliy"]
[Black "Smith, Bryan"]
[Result "1-0"]
[WhiteElo "2554"]
[BlackElo "2430"]
[Annotator "TA"]
[PlyCount "76"]
[EventDate "2019.10.17"]
[EventType "swiss"]
[EventCountry "GER"]
[SourceTitle "playchess.com"]
[Source "ChessBase"]
[SourceQuality "1"]

{[%evp 9,76,-1,1,-2,0,3,0,3,10,2,36,46,65,0,46,19,48,47,54,54,49,46,50,44,57,46,90,31,78,73,72,52,96,81,229,243,197,57,166,8,70,64,68,28,34,40,38,37,119,68,331,334,313,348,334,334,306,308,337,120,295,264,289,266,419,388,494,516,424]} 1. c4 e5 2. g3 Nc6 3. Bg2 f5 4. d3 Nf6 5. Nf3 Bb4+ 6. Nfd2 {A20: English Opening: 1...e5} (6. Bd2 Bxd2+ 7. Qxd2 O-O 8. Nc3 d6 9. O-O Bd7 10. Nd5 Nxd5 11. cxd5 Ne7 12. Qb4 Nxd5 13. Qxb7 {1-0 (54) Grischuk,A (2750)-Anand,V (2803) London 2015}) 6... a5 7. O-O O-O 8. Nc3 $146 {The position is equal.} ({Predecessor:} 8. a3 Bc5 9. Nc3 d6 10. e3 Be6 11. Nf3 Ba7 12. Ng5 Bd7 13. c5 {½-½ (69) Tirkajla,B (2154)-Cherin,D (2236) Croatia 2014}) 8... d6 9. Na4 Bxd2 10. Bxd2 f4 11. Nc3 (11. gxf4 $14 exf4 12. Bxf4) 11... Nd4 12. e3 fxe3 13. fxe3 Bg4 14. Qb1 Ne6 15. h3 Bh5 16. Bxb7 Rb8 17. Bg2 Qd7 {[#]} 18. Kh2 (18. e4 $1 $16) 18... Bg6 19. b3 e4 20. dxe4 Ng5 {Strongly threatening ...Nfxe4!} 21. Rf4 Nfxe4 (21... Rbe8 $16) 22. Nxe4 $18 Bxe4 23. Qh1 ({Not} 23. Bxe4 Qxh3+ 24. Kg1 Qxg3+ 25. Kf1 Qh2 $11) (23. Rxe4 $18 Rf2 24. Rg4 Nf3+ 25. Kh1 Nxd2 26. Qe1) 23... a4 ({Better is} 23... Bxg2 $14 24. Qxg2 a4) 24. Raf1 $2 (24. Bxe4 $18 Qxh3+ 25. Kg1 Qxg3+ 26. Kf1) 24... Bxg2 (24... axb3 $11 25. axb3 (25. Rxe4 Nxe4 26. Bxe4 bxa2 $11) 25... Qxh3+ 26. Bxh3 Bxh1) 25. Qxg2 $14 axb3 26. Qd5+ Nf7 {...b2 is the strong threat.} 27. axb3 {Black must now prevent Bc3.} c6 28. Qd4 h6 {[#]} ({Black should try} 28... c5 $14 29. Qe4 Qe8) 29. e4 $40 {[%mdl 128] White has some attack.} ({Don't go for} 29. Rg4 $2 Ng5 $19) (29. Bc3 $1 $16 {[%csl Gc3][%cal Rd4g7]} Ng5 30. Rxf8+ Rxf8 31. Rxf8+ Kxf8 32. Qf4+ Kg8 33. h4 Qh3+ 34. Kg1) 29... Ng5 $2 {[%mdl 8192]} (29... Qe6 $14) 30. Rxf8+ $18 Rxf8 31. Rxf8+ Kxf8 32. Bxg5 $1 hxg5 {[%mdl 4096] Endgame KQ-KQ} 33. c5 d5 34. Kg2 $2 (34. b4 $18 {is more deadly.}) 34... Kg8 $2 (34... g4 $16 {was worth a try.}) 35. exd5 cxd5 36. b4 Qe6 (36... Kh8 $142 37. g4 Kh7 38. Qd3+ g6) 37. Kf2 Qf5+ 38. Ke3 Qe6+ {Accuracy: White = 38%, Black = 18%.} 1-0

[Event "23rd OIBM 2019"]
[Site "Gmund am Tegernsee"]
[Date "2019.10.28"]
[Round "3.8"]
[White "Zude, Arno"]
[Black "Mons, Leon"]
[Result "0-1"]
[WhiteElo "2372"]
[BlackElo "2552"]
[Annotator "TA"]
[PlyCount "50"]
[EventDate "2019.10.17"]
[EventType "swiss"]
[EventCountry "GER"]
[SourceTitle "playchess.com"]
[Source "ChessBase"]
[SourceQuality "1"]

{[%evp 22,56,15,0,5,0,0,-29,-40,-93,-97,-138,-135,-129,-152,-140,-120,-183,-187,-181,-171,-191,-183,-293,-312,-369,-369,-462,-446,-443,-438,-955,-955,-938,-935,-879,-658]} 1. e4 c5 2. Nf3 d6 3. d4 cxd4 4. Nxd4 Nf6 5. Nc3 Bd7 6. Bg5 e6 7. Qd2 a6 8. O-O-O h6 9. Bxf6 Qxf6 10. f4 Nc6 11. Nf3 Qd8 12. g4 Qa5 {B67: Sicilian: Richter-Rauzer: 7...a6 8 0-0-0 Bd7, lines without 9 f4 Be7} 13. h4 O-O-O {[#]} 14. Qe3 $146 ({Predecessor:} 14. Bg2 Be7 15. Qe3 Qc5 16. Rhe1 Qxe3+ 17. Rxe3 Rhe8 18. Red3 Kc7 19. a3 b5 20. g5 {½-½ (42) Hyldkrog,L (2518)-Sloth,J (2576) ICCF corr 2004}) 14... d5 {Threatens to win with ...Bc5.Black has an edge.} 15. exd5 (15. Kb1 $15) 15... Bc5 $17 16. Qe4 exd5 17. Rxd5 Rhe8 ({Don't take} 17... Bxg4 18. Bh3 $15) 18. Ne5 {Bxa6 is the strong threat.} Nxe5 19. Rxe5 {[#]} (19. fxe5 $17 {is a better defense.} Bc6 {[%mdl 64] Skewer} 20. Qf5+ Kb8 21. Rxd8+ Qxd8 22. Rh3) 19... Bc6 $1 $19 {[%cal Rc6e4]} 20. Qf5+ Kb8 21. Rh3 {and if Rd3 works, White does fine.} f6 $36 {[%mdl 2048] Black is on the roll.} 22. Rxe8 (22. Re2 $142) 22... Rxe8 23. Bc4 Qb4 ({Weaker is} 23... Re1+ 24. Nd1 $19) 24. b3 Qa3+ {Black is clearly winning.} 25. Kd2 {If only White now had time for Bd5....} Bf2 {Played: Bc5-b4} 0-1